<?xml version="1.0" encoding="UTF-8"?>
<record
    xmlns:xsi="http://www.w3.org/2001/XMLSchema-instance"
    xsi:schemaLocation="http://www.loc.gov/MARC21/slim http://www.loc.gov/standards/marcxml/schema/MARC21slim.xsd"
    xmlns="http://www.loc.gov/MARC21/slim">

  <leader>00707nam a2200193 i 4500</leader>
  <datafield tag="999" ind1=" " ind2=" ">
    <subfield code="c">7960</subfield>
    <subfield code="d">7960</subfield>
  </datafield>
  <controlfield tag="001">991058478168306706</controlfield>
  <controlfield tag="003">OSt</controlfield>
  <controlfield tag="005">20241105141946.0</controlfield>
  <controlfield tag="006">m     o  d |      </controlfield>
  <controlfield tag="007">cr |||||||||||</controlfield>
  <controlfield tag="008">201029s2019    sp a    ob    000 0 spa d</controlfield>
  <datafield tag="040" ind1=" " ind2=" ">
    <subfield code="a">CDMR</subfield>
    <subfield code="c">CDMR</subfield>
    <subfield code="b">cat</subfield>
  </datafield>
  <datafield tag="245" ind1="1" ind2="0">
    <subfield code="a">I Estudi de comunicaci&#xF3; interna dels ajuntaments de Catalunya</subfield>
    <subfield code="c">/ Coordinaci&#xF3;, redacci&#xF3; i edici&#xF3;: S&#xED;ntesi ; amb el suport del Col&#xB7;legi de Periodistes de Catalunya</subfield>
  </datafield>
  <datafield tag="264" ind1=" " ind2="1">
    <subfield code="c">[2024]</subfield>
  </datafield>
  <datafield tag="300" ind1=" " ind2=" ">
    <subfield code="a">1 recurs electr&#xF2;nic (73 p&#xE0;gines)</subfield>
  </datafield>
  <datafield tag="650" ind1=" " ind2="0">
    <subfield code="a">Comunicaci&#xF3; en l'administraci&#xF3;</subfield>
    <subfield code="9">3870</subfield>
    <subfield code="z">Catalunya</subfield>
  </datafield>
  <datafield tag="856" ind1=" " ind2=" ">
    <subfield code="z">Acc&#xE9;s en l&#xED;nia</subfield>
    <subfield code="u">https://omeka.periodistes.cat/items/show/717</subfield>
  </datafield>
  <datafield tag="942" ind1=" " ind2=" ">
    <subfield code="2">udc</subfield>
    <subfield code="c">RECURS_WEB</subfield>
  </datafield>
  <datafield tag="952" ind1=" " ind2=" ">
    <subfield code="0">0</subfield>
    <subfield code="1">0</subfield>
    <subfield code="4">0</subfield>
    <subfield code="7">0</subfield>
    <subfield code="a">CDMR</subfield>
    <subfield code="b">CDMR</subfield>
    <subfield code="d">2024-11-05</subfield>
    <subfield code="l">0</subfield>
    <subfield code="o">Disponible en l&#xED;nia</subfield>
    <subfield code="r">2024-11-05</subfield>
    <subfield code="w">2024-11-05</subfield>
    <subfield code="y">RECURS_WEB</subfield>
  </datafield>
</record>
